International ombudsman yearbook/ (Record no. 1278)

MARC details
000 -LEADER
fixed length control field 00780cam a22002413 4500
001 - CONTROL NUMBER
control field ocn435879524
003 - CONTROL NUMBER IDENTIFIER
control field TZ-ArACH
005 - DATE AND TIME OF LATEST TRANSACTION
control field 20120228141937.0
008 - FIXED-LENGTH DATA ELEMENTS--GENERAL INFORMATION
fixed length control field 090904s2009 xx 000 0 eng d
020 ## - INTERNATIONAL STANDARD BOOK NUMBER
International Standard Book Number 9789004178618
035 ## - SYSTEM CONTROL NUMBER
System control number (OCoLC)435879524
040 ## - CATALOGING SOURCE
Original cataloging agency YDXCP
Transcribing agency TZ-ArACH
Modifying agency BWX
041 ## - LANGUAGE CODE
Language code of text/sound track or separate title eng
049 ## - LOCAL HOLDINGS (OCLC)
Holding library TZAA
050 #4 - LIBRARY OF CONGRESS CALL NUMBER
Classification number JF1525
Item number .O45 I67
245 00 - TITLE STATEMENT
Statement of responsibility, etc edited by International ombudsman Institute and Linda C. Reif
Remainder of title volume 10, 2006
Title International ombudsman yearbook/
260 ## - PUBLICATION, DISTRIBUTION, ETC. (IMPRINT)
Place of publication, distribution, etc Leiden :
Name of publisher, distributor, etc Martinus Nijhoff Brill,
Date of publication, distribution, etc 2009
300 ## - PHYSICAL DESCRIPTION
Extent 174 p. ; 25 cm
500 ## - GENERAL NOTE
General note V. 10.
650 ## - SUBJECT ADDED ENTRY--TOPICAL TERM
Topical term or geographic name as entry element Ombudspersons
9 (RLIN) 1524
942 ## - ADDED ENTRY ELEMENTS (KOHA)
Source of classification or shelving scheme Library of Congress Classification
Koha item type Books
Holdings
Home library Current library Date acquired Full call number Barcode Koha item type
African Court on Human and Peoples' Rights Library African Court on Human and Peoples' Rights Library 30/06/2011 JF1525 .O45 I67 10012729 Books

African Court on Human and Peoples' Rights | For Inquiries Contact » +255 272 510 510